Statistics for Active US Aircraft Carriers

Click here to take the quiz!

General Stats

  • This quiz has been taken 263 times
    (243 since last reset)
  • The average score is 7 of 10

Answer Stats

HintAnswer% Correct
CVN-76Ronald Reagan
80%
CVN-77George H. W. Bush
78%
CVN-68Nimitz
78%
CVN-69Dwight D. Eisenhower
72%
CVN-71Theodore Roosevelt
70%
CVN-73George Washington
69%
CVN-72Abraham Lincoln
65%
CVN-75Harry S. Truman
58%
CVN-74John C. Stennis
49%
CVN-70Carl Vinson
43%

Score Distribution

Percentile by Number Answered

Percent of People with Each Score

Your Score History

You have not taken this quiz since the last reset